=LDR 00000nam 2200000 4500 =001 INLIS000000000035289 =005 20200208035319 =035 ##$$a 0010-061300000035289 =008 200208################g##########0#ind## =041 ##$$a ind =082 ##$$a 005.362 =090 ##$$a 005.1, Sha,j =100 ##$$a Shalahuddin, M =245 1#$$a J2EE dalam aplikasi enterprise /$c M.Shalahuddin, =260 ##$$a Bandung :$b Informatika,$c 2006 =300 ##$$a xii, 188 hlm., : $b ilus ; $c 21 X 14 cm. =650 #4$$a Komputer Aplikasi J2EE =700 #$$a Rosa,A.S =850 ##$$a NBPNMAT =020 ##$$a 979-3338-76-8 =084 ##$$a 005.362 Sha j =990 ##$$a 20707316 =990 ##$$a 20707318 =990 ##$$a 01590159 =990 ##$$a 31011632 =990 ##$$a 20707316 =990 ##$$a 20707318